Experimentálny prístup k sledovaniu tribokoróznych vlastností povrchov strojných súčastí

Bibliographic Details
Main Authors: Kunda, Ján (Author), Bronček, Jozef, 1961- (Author), Žarnay, Martin, 1946- (Author)
Format: Article
Language:Slovak

MARC

LEADER 00000nab a2200000 a 4500
001 vtls011119381
003 SK-MaSNL
005 20260303184106.0
008 230222|2011 xo |||||||||||||||||slo|
015 |a SNBRB 
035 |a (uuid)75585148-64a6-42ce-849d-1a2fa4831f64 
035 |a (urnnbn)urn:nbn:sk:snk:ar-a08off 
035 |a urn:nbn:sk:snk-ab9q11 
040 |a SNKBUCL  |b slo  |c SNKBUCL  |e AACR2 
041 0 |a slo 
044 |a xo  |c SK 
100 1 |a Kunda, Ján  |4 aut  |9 821009 
245 1 0 |a Experimentálny prístup k sledovaniu tribokoróznych vlastností povrchov strojných súčastí  |c Ján Kunda, Jozef Bronček, Martin Žarnay 
700 1 |a Bronček, Jozef,  |d 1961-  |4 aut  |9 193563 
700 1 |a Žarnay, Martin,  |d 1946-  |4 aut  |9 233084 
773 0 |t Technológ : časopis pre teóriu a prax mechanických technológií  |g Roč. 3, č. Mimoriadne číslo (2011), s. 85-90 
954 |a odborná, vedecká literatúra pôvodná (slovenská)  |2 lita 
958 |a OND 
958 |a EUIPO 
958 |a article13 
999 |c 2124913  |d 2126843